Most Densely Populated Countries from A to Z Quiz Stats

 Plays Quiz Updated Dec 29, 2013

     
Support Sporcle.
Go Orange.
Score 0/24 Timer 06:00
2 Plays Today
Letter Country % Correct
IIndia
82.8%
JJapan
79.7%
YYemen
77.6%
QQatar
75%
ZZimbabwe
74.2%
UUnited Kingdom
74.1%
VVatican City
73.8%
OOman
71%
FFrance
67%
MMonaco
63%
HHaiti
58.3%
SSingapore
56%
Letter Country % Correct
RRwanda
51.3%
DDominican Republic
44.1%
TTaiwan
42.1%
NNauru
39.5%
BBahrain
38.9%
KKosovo
37.1%
EEl Salvador
34.2%
GGrenada
33.2%
AAntigua and Barbuda
32.8%
LLebanon
32.5%
CComoros
31%
PPalestine
26.3%

From the Vault

Robo-Crossword

by bhenderson79

If a robot does the robot, is it just dancing?
Remove Ads.
Support Sporcle.
Get the best of Sporcle when you Go Orange. This ad-free experience offers more features, more stats, and more fun while also helping to support Sporcle. Thank you for becoming a member.

Show Comments

Extras

Top Quizzes Today


Score Distribution

Your Account Isn't Verified!

In order to create a playlist on Sporcle, you need to verify the email address you used during registration. Go to your Sporcle Settings to finish the process.

Report this User

Report this user for behavior that violates our Community Guidelines.

Details: